[Event "Berlin-ch Seniors op 32nd"]
[Site "Berlin"]
[Date "2016.02.01"]
[Round "6"]
[White "Grunewald, Peter"]
[Black "Schrodt, Horst"]
[Result "1-0"]
[WhiteElo "1925"]
[BlackElo "1763"]
[PlyCount "69"]
[EventDate "2016.01.26"]
[EventType "swiss"]
[EventRounds "9"]
[EventCountry "GER"]
[SourceTitle "EXT 2019"]
[Source "ChessBase"]
[SourceDate "2018.10.10"]
[SourceVersion "1"]
[SourceVersionDate "2018.10.10"]
[SourceQuality "1"]

1. c4 c6 2. Nc3 d5 3. d4 Nf6 4. Bg5 e6 5. c5 Be7 6. e3 0-0 7. Bd3 Nbd7 8. Nf3 b6 9. b4 Bb7 10. 0-0 Re8 11. Qc2 Nf8 12. Ne5 h6 13. Bh4 a5 14. Na4 N6d7 15. Nxd7 Nxd7 16. Bxe7 Rxe7 17. bxa5 Rxa5 18. Rab1 b5 19. Nc3 Ra7 20. Rb4 e5 21. Rfb1 exd4 22. exd4 Nf6 23. a4 bxa4 24. Nxa4 Qc7 25. Qd1 Kf8 26. g3 Qd7 27. Qf3 Ne4 28. Qf4 Qc8 29. Bxe4 Rxe4 30. Qd6+ Kg8 31. Nb6 Qe8 32. Kg2 Re6 33. Qd7 Qxd7 34. Nxd7 Ba6 35. Rb8+ 1-0

[Event "Berlin-ch Seniors op 32nd"]
[Site "Berlin"]
[Date "2016.01.27"]
[Round "2"]
[White "Fey, Jens"]
[Black "Schrodt, Horst"]
[Result "1-0"]
[WhiteElo "1568"]
[BlackElo "1763"]
[PlyCount "196"]
[EventDate "2016.01.26"]
[EventType "swiss"]
[EventRounds "9"]
[EventCountry "GER"]
[SourceTitle "EXT 2019"]
[Source "ChessBase"]
[SourceDate "2018.10.10"]
[SourceVersion "1"]
[SourceVersionDate "2018.10.10"]
[SourceQuality "1"]

1. e4 c6 2. Nc3 d5 3. exd5 cxd5 4. d4 Nf6 5. Nf3 Bf5 6. Bd3 Bxd3 7. Qxd3 e6 8. a3 Be7 9. 0-0 Nbd7 10. Be3 Rc8 11. Rac1 0-0 12. Ne2 Qb6 13. Rb1 Qc6 14. Rfc1 Nb6 15. c3 Nc4 16. Nd2 Nd6 17. Rc2 Nde4 18. Nxe4 Nxe4 19. f3 Nd6 20. Ng3 Qb5 21. Qxb5 Nxb5 22. Ra1 Bf6 23. Rcc1 Rc6 24. Ne2 Rfc8 25. a4 Nd6 26. Rc2 Nf5 27. Bf2 Rc4 28. b3 R4c6 29. Rac1 Be7 30. Rb1 b6 31. g4 Nd6 32. Bg3 Nb7 33. b4 Rc4 34. Rcb2 h6 35. Be1 Nd8 36. a5 b5 37. Nc1 Nc6 38. Nd3 Rc7 39. Nc5 Bxc5 40. bxc5 a6 41. Ra1 Rb7 42. Ra3 b4 43. cxb4 Nxd4 44. Kf2 Rxc5 45. Bc3 Rc4 46. Bxd4 Rxd4 47. Rab3 Rb5 48. Ke3 Rc4 49. Kd3 Kf8 50. Rc2 Rcxb4 51. Rxb4 Rxb4 52. Rc6 Rb3+ 53. Ke2 Rb2+ 54. Ke3 Rxh2 55. Rxa6 Ke7 56. Ra7+ Kf6 57. Rb7 Ra2 58. Rb5 Ra4 59. Kd3 g5 60. Kc3 Ra3+ 61. Kb4 Rxf3 62. a6 Rf4+ 63. Ka5 Rc4 64. a7 Rc2 65. Kb6 Ra2 66. Ra5 Rb2+ 67. Ka6 Rb4 68. a8Q Rxg4 69. Qd8+ Kg6 70. Qg8+ Kf6 71. Ra2 Rf4 72. Qh7 Rh4 73. Rf2+ Rf4 74. Qxh6+ Kf5 75. Qh3+ Kf6 76. Qh8+ Kf5 77. Qh7+ Kf6 78. Qh6+ Kf5 79. Rg2 f6 80. Qh7+ Ke5 81. Re2+ Re4 82. Qh2+ Kf5 83. Rf2+ Rf4 84. Qh3+ Ke5 85. Qc3+ Kf5 86. Qd3+ Ke5 87. Re2+ Re4 88. Qg3+ Kf5 89. Qh3+ Ke5 90. Qg3+ Kf5 91. Rf2+ Rf4 92. Re2 Re4 93. Qd3 Ke5 94. Qc3+ Kf5 95. Rh2 Rc4 96. Qb3 Ke5 97. Rf2 Rf4 98. Qb8+ Kf5 1-0

[Event "Berlin-ch Seniors op 30th"]
[Site "Berlin"]
[Date "2014.02.02"]
[Round "4"]
[White "Schrodt, Horst"]
[Black "Gnass, Erhard"]
[Result "1-0"]
[WhiteElo "1594"]
[BlackElo "1377"]
[PlyCount "117"]
[EventDate "2014.01.30"]
[EventType "swiss"]
[EventRounds "9"]
[EventCountry "GER"]
[SourceTitle "EXT 2018"]
[Source "ChessBase"]
[SourceDate "2017.10.13"]
[SourceVersion "1"]
[SourceVersionDate "2017.10.13"]
[SourceQuality "1"]

1. d4 Nf6 2. c4 d6 3. Nc3 g6 4. Nf3 Bg7 5. e3 0-0 6. Be2 Bg4 7. 0-0 Nbd7 8. h3 Bxf3 9. Bxf3 c6 10. Qc2 Rc8 11. Rb1 e5 12. dxe5 Nxe5 13. Be2 Qc7 14. b3 a6 15. Bb2 Rfd8 16. Rbc1 Ned7 17. Rfd1 Nf8 18. Qb1 Qe7 19. Bf3 Ne8 20. Rc2 b6 21. Rcd2 f5 22. Ne2 Bxb2 23. Qxb2 Rc7 24. Nd4 d5 25. cxd5 cxd5 26. Ne2 Nf6 27. Bxd5+ Nxd5 28. Rxd5 Rxd5 29. Rxd5 Rc5 30. Nf4 Qc7 31. Rxc5 bxc5 32. Qc2 Qe5 33. Qc4+ Kg7 34. Qxa6 Qa1+ 35. Kh2 Qe5 36. Qb7+ Kg8 37. Qd5+ Qxd5 38. Nxd5 Nd7 39. Nc3 Kf7 40. Kg3 Ke6 41. Kf4 h6 42. h4 Ne5 43. e4 Nd3+ 44. Ke3 Ne1 45. exf5+ gxf5 46. g3 Ke5 47. f4+ Kd6 48. Ke2 Nc2 49. Kd2 Nb4 50. a3 Nc6 51. Kd3 Na5 52. b4 cxb4 53. axb4 Nc6 54. Kc4 Nd8 55. Nb5+ Ke6 56. Nd4+ Kf6 57. b5 Nb7 58. Kd5 Na5 59. b6 1-0

[Event "Berlin Lichtenberger op 10th"]
[Site "Berlin"]
[Date "2011.08.19"]
[Round "7"]
[White "Schrodt, Horst"]
[Black "Barwich, Andreas"]
[Result "1/2-1/2"]
[WhiteElo "1709"]
[BlackElo "1963"]
[PlyCount "89"]
[EventDate "2011.08.13"]
[EventType "swiss"]
[EventRounds "9"]
[EventCountry "GER"]
[SourceTitle "CBM 143 Extra"]
[Source "ChessBase"]
[SourceDate "2011.08.29"]
[SourceVersion "1"]
[SourceVersionDate "2011.08.29"]
[SourceQuality "1"]

1. d4 Nf6 2. c4 e6 3. Nc3 Bb4 4. Bd2 0-0 5. Nf3 b6 6. e3 Bb7 7. Be2 d5 8. cxd5 Nxd5 9. Qc2 Nxc3 10. Bxc3 Bxc3+ 11. Qxc3 Nd7 12. 0-0 c5 13. dxc5 Nxc5 14. Rad1 Qe7 15. b3 Ne4 16. Qb2 Rac8 17. Ne5 Bd5 18. Bc4 Bxc4 19. Nxc4 Nf6 20. h3 h6 21. Rd3 Rc7 22. Qa3 Rc5 23. Rfd1 Qc7 24. Qb2 Rc8 25. Qd2 Nd5 26. e4 b5 27. exd5 bxc4 28. d6 Qd7 29. bxc4 Rxc4 30. Qa5 Rc1 31. Qa3 Rxd1+ 32. Rxd1 Rd8 33. g3 f6 34. Kg2 Kf7 35. f3 Qb7 36. Rc1 Rd7 37. Rd1 Qc6 38. Rd2 g6 39. Qe3 g5 40. Qd3 Kg7 41. Qe3 Kf7 42. Qd3 Kg7 43. Qe3 Qc4 44. Qa3 Kf7 45. Qb2 1/2-1/2

[Event "Berlin Lichtenberger op 10th"]
[Site "Berlin"]
[Date "2011.08.16"]
[Round "4"]
[White "Laurin, Dirk"]
[Black "Schrodt, Horst"]
[Result "0-1"]
[WhiteElo "1671"]
[BlackElo "1709"]
[PlyCount "112"]
[EventDate "2011.08.13"]
[EventType "swiss"]
[EventRounds "9"]
[EventCountry "GER"]
[SourceTitle "CBM 143 Extra"]
[Source "ChessBase"]
[SourceDate "2011.08.29"]
[SourceVersion "1"]
[SourceVersionDate "2011.08.29"]
[SourceQuality "1"]

1. e4 c6 2. d4 d5 3. e5 Bf5 4. Nf3 e6 5. Nc3 h6 6. Be2 c5 7. dxc5 Bxc5 8. Nd4 Bxd4 9. Qxd4 Nc6 10. Bb5 Nge7 11. Qd1 0-0 12. f4 Rc8 13. a3 Qb6 14. g4 Bh7 15. Bd3 Bxd3 16. Qxd3 Na5 17. b4 Nc4 18. Na4 Qc6 19. Nc5 b6 20. Nb3 Qc7 21. Nd4 a6 22. c3 b5 23. Nf3 Nb6 24. Bd2 Na4 25. f5 Qc4 26. Qxc4 Rxc4 27. Nd4 Nc6 28. fxe6 Nxd4 29. exf7+ Rxf7 30. cxd4 Rxd4 31. 0-0-0 Rxg4 32. Rhg1 Rc4+ 33. Kb1 Nc3+ 34. Bxc3 Rxc3 35. Rxd5 Rxa3 36. e6 Re7 37. Rd8+ Kh7 38. Rd6 Rb3+ 39. Ka2 Rxb4 40. Re1 a5 41. Re5 a4 42. Rd2 Rc4 43. Ka3 Rc6 44. Rxb5 Rcxe6 45. Kxa4 Re2 46. Rbb2 Ra7+ 47. Kb4 Rb7+ 48. Kc3 Rxb2 49. Rxb2 Rxb2 50. Kxb2 Kg6 51. Kc3 Kf5 52. Kd3 Kg4 53. Ke4 Kh3 54. Kf3 Kxh2 55. Kg4 g5 56. Kf3 h5 0-1

[Event "Potsdam Christmas 35th"]
[Site "Potsdam"]
[Date "2010.12.30"]
[Round "7.18"]
[White "Scheide, Helmut"]
[Black "Schrodt, Horst"]
[Result "1-0"]
[WhiteElo "1965"]
[BlackElo "1699"]
[PlyCount "71"]
[EventDate "2010.12.27"]
[EventType "swiss"]
[EventRounds "7"]
[EventCountry "GER"]
[SourceTitle "EXT 2022"]
[Source "ChessBase"]
[SourceDate "2021.10.06"]
[SourceVersion "1"]
[SourceVersionDate "2021.10.06"]
[SourceQuality "1"]

1. d4 d5 2. c4 c6 3. e3 Nf6 4. Nc3 dxc4 5. Bxc4 e6 6. Nf3 Nbd7 7. 0-0 Be7 8. e4 0-0 9. Re1 Bb4 10. Bd3 h6 11. Bc2 Re8 12. Qd3 Nf8 13. e5 Nd5 14. Bd2 Nxc3 15. bxc3 Be7 16. c4 b6 17. Rab1 Qc7 18. Rbc1 Bb7 19. d5 exd5 20. cxd5 Bc5 21. d6 Qd7 22. Nh4 Qg4 23. Nf5 Ng6 24. h3 Nf4 25. hxg4 Nxd3 26. Bxd3 Re6 27. Ne7+ Kf8 28. Bf5 Rxe7 29. dxe7+ Kxe7 30. g5 g6 31. Bh3 h5 32. e6 Rd8 33. Bc3 Rd5 34. Bf6+ Ke8 35. exf7+ Kxf7 36. Be6+ 1-0

[Event "Potsdam Christmas 35th"]
[Site "Potsdam"]
[Date "2010.12.29"]
[Round "6.27"]
[White "Schrodt, Horst"]
[Black "Brandt, Fred"]
[Result "1-0"]
[WhiteElo "1699"]
[BlackElo "1911"]
[PlyCount "115"]
[EventDate "2010.12.27"]
[EventType "swiss"]
[EventRounds "7"]
[EventCountry "GER"]
[SourceTitle "EXT 2022"]
[Source "ChessBase"]
[SourceDate "2021.10.06"]
[SourceVersion "1"]
[SourceVersionDate "2021.10.06"]
[SourceQuality "1"]

1. d4 Nf6 2. c4 e6 3. Nc3 d5 4. Nf3 Be7 5. cxd5 exd5 6. e3 0-0 7. Be2 c6 8. 0-0 Bf5 9. h3 Bd6 10. Bd2 Nbd7 11. Rc1 Ne4 12. a3 a5 13. Nxe4 dxe4 14. Ne1 Nf6 15. Bc3 Nd5 16. Bg4 Bg6 17. Bh5 Qg5 18. Bxg6 fxg6 19. Qe2 h5 20. Bd2 Rf7 21. f4 Qh4 22. Qf2 Qe7 23. h4 Bc7 24. g3 Rf5 25. Ng2 Raf8 26. Rc5 Bb6 27. Rc4 Nc7 28. b4 Ra8 29. Rfc1 Nb5 30. bxa5 Bxa5 31. Bxa5 Rxa5 32. Rc5 Nxa3 33. Rxf5 gxf5 34. Qd2 Rd5 35. Qa2 Kh7 36. Rc3 Nb5 37. Rb3 Qd7 38. Qb2 Nd6 39. Kf2 Rb5 40. Ne1 Rxb3 41. Qxb3 Nb5 42. Nc2 g6 43. Qc4 Nd6 44. Qc5 Qe6 45. Ke1 Nc4 46. Qa7 Qd7 47. Qc5 Qf7 48. Ke2 Qe6 49. Nb4 Qd6 50. Qxc4 Kg7 51. Qc5 Qd7 52. d5 cxd5 53. Nxd5 Kf7 54. Qc7 Qxc7 55. Nxc7 Ke7 56. Nb5 Kd7 57. Kd2 Kc6 58. Nd4+ 1-0

[Event "Berlin qualification op"]
[Site "Berlin"]
[Date "2009.04.11"]
[Round "1"]
[White "Boettcher, Patrick"]
[Black "Schrodt, Horst"]
[Result "1-0"]
[WhiteElo "2165"]
[BlackElo "1681"]
[PlyCount "45"]
[EventDate "2009.04.11"]
[EventType "swiss"]
[EventRounds "9"]
[EventCountry "GER"]
[SourceTitle "EXT 2012"]
[Source "ChessBase"]
[SourceDate "2011.11.24"]
[SourceVersion "1"]
[SourceVersionDate "2011.11.24"]
[SourceQuality "1"]

1. e4 c6 2. d4 d5 3. Nc3 dxe4 4. Nxe4 Bf5 5. Ng3 Bg6 6. h4 h6 7. Nf3 Nd7 8. h5 Bh7 9. Bd3 Bxd3 10. Qxd3 e6 11. Bd2 Ngf6 12. 0-0-0 Be7 13. Ne4 Nxe4 14. Qxe4 Nf6 15. Qe2 Qc7 16. Kb1 Rc8 17. Ne5 0-0 18. g4 c5 19. g5 hxg5 20. Bxg5 Rfd8 21. h6 Nh7 22. hxg7 cxd4 23. Bxe7 1-0

[Event "Berlin Unicorn op"]
[Site "Berlin"]
[Date "2007.05.19"]
[Round "5"]
[White "Glantz, Robert"]
[Black "Schrodt, Horst"]
[Result "1-0"]
[WhiteElo "1991"]
[BlackElo "1664"]
[PlyCount "33"]
[EventDate "2007.05.16"]
[EventType "swiss"]
[EventRounds "7"]
[EventCountry "GER"]
[SourceTitle "CBM 118 Extra"]
[Source "ChessBase"]
[SourceDate "2007.07.04"]
[SourceVersion "1"]
[SourceVersionDate "2007.07.04"]
[SourceQuality "1"]

1. e4 c6 2. d4 d5 3. exd5 cxd5 4. c4 Nf6 5. Nc3 Nc6 6. Bg5 dxc4 7. d5 Ne5 8. Qd4 Nd3+ 9. Bxd3 cxd3 10. 0-0-0 e6 11. Nf3 Be7 12. Qxd3 0-0 13. d6 h6 14. dxe7 Qxe7 15. Bf4 Ng4 16. Bd6 Qd7 17. Qe2 1-0